<?xml version="1.0" encoding="UTF-8"?>
<record
    xmlns:xsi="http://www.w3.org/2001/XMLSchema-instance"
    xsi:schemaLocation="http://www.loc.gov/MARC21/slim http://www.loc.gov/standards/marcxml/schema/MARC21slim.xsd"
    xmlns="http://www.loc.gov/MARC21/slim">

  <leader>01467nam a2200265 i 4500</leader>
  <controlfield tag="003">DO-SdBNP</controlfield>
  <controlfield tag="005">20230801155924.0</controlfield>
  <controlfield tag="006">a||||gr|||| 00| 0 </controlfield>
  <controlfield tag="007">ta</controlfield>
  <controlfield tag="008">230731e1985    dr aoc|| |||| 00| 0 spa d</controlfield>
  <datafield tag="040" ind1=" " ind2=" ">
    <subfield code="a">DO-SdBNP</subfield>
    <subfield code="b">spa</subfield>
    <subfield code="c">BNPHU</subfield>
    <subfield code="e">rda</subfield>
  </datafield>
  <datafield tag="082" ind1=" " ind2="4">
    <subfield code="2">22</subfield>
    <subfield code="b">F385g</subfield>
  </datafield>
  <datafield tag="100" ind1="1" ind2=" ">
    <subfield code="a">Ferreras, Ram&#xF3;n Alberto,</subfield>
    <subfield code="d">193?-1993</subfield>
    <subfield code="9">28990</subfield>
  </datafield>
  <datafield tag="245" ind1="1" ind2="0">
    <subfield code="a">Guerra Patria:</subfield>
    <subfield code="b">Santo Domingo 28 de abril 1965, 1ro. de octubre 1966. /</subfield>
    <subfield code="c">Ram&#xF3;n alberto Ferreras; fotomec&#xE1;nica, Apolinar Javier Rodr&#xED;guez.</subfield>
  </datafield>
  <datafield tag="260" ind1=" " ind2=" ">
    <subfield code="a">2a. edici&#xF3;n avanzada</subfield>
  </datafield>
  <datafield tag="264" ind1=" " ind2=" ">
    <subfield code="a">Santo Domingo :</subfield>
    <subfield code="b">Nordeste,</subfield>
    <subfield code="c">1985</subfield>
  </datafield>
  <datafield tag="300" ind1=" " ind2=" ">
    <subfield code="a">539, [37] p&#xE1;ginas</subfield>
    <subfield code="b">Ilustraciones, fotograf&#xED;as, retratos ;</subfield>
    <subfield code="c">20 cm.</subfield>
  </datafield>
  <datafield tag="336" ind1=" " ind2=" ">
    <subfield code="2">rddacontent</subfield>
    <subfield code="a">texto</subfield>
    <subfield code="b">txt</subfield>
  </datafield>
  <datafield tag="337" ind1=" " ind2=" ">
    <subfield code="2">rdamedia</subfield>
    <subfield code="a">sin medici&#xF3;n</subfield>
    <subfield code="b">n</subfield>
  </datafield>
  <datafield tag="338" ind1=" " ind2=" ">
    <subfield code="2">rdacarrier</subfield>
    <subfield code="a">volumen</subfield>
    <subfield code="b">nc</subfield>
  </datafield>
  <datafield tag="505" ind1=" " ind2=" ">
    <subfield code="a">Dedicatoria.-- Pr&#xF3;logo a la Segunda Edici&#xF3;n.-- Pr&#xF3;logo a la Primera Edici&#xF3;n.</subfield>
    <subfield code="t">Carta de Manuel Ram&#xF3;n Montes Arache.-- Los Vacilantes.-- Un Campesino.-- El Padre.-- Prostitutas.-- Un Joven Campesino.-- Abril de 1965.-- Un 
Soldado del Pueblo.-- El Hombre en el Puente.-- Al Otro Lado del Muro.-- El Asalto al Palacio Nacional.-- Illio Capuci. y los Otros.-- La Insurrecci&#xF3;n y sus Comienzos.-- Ese muchacho Terrible.-- La Amenaza del Exterminio.-- Interrogatorio al Sargento Luis A. Dalmas&#xED; M.-- Veinte A&#xF1;os Despu&#xE9;s.-- Ap&#xE9;dice.</subfield>
  </datafield>
  <datafield tag="590" ind1=" " ind2=" ">
    <subfield code="a">Inventariado 2023 / MF</subfield>
  </datafield>
  <datafield tag="700" ind1="1" ind2=" ">
    <subfield code="a">Rodr&#xED;guez, Apolinar Javier,</subfield>
    <subfield code="e">fotomec&#xE1;nica</subfield>
    <subfield code="9">83834</subfield>
  </datafield>
  <datafield tag="942" ind1=" " ind2=" ">
    <subfield code="2">ddc</subfield>
    <subfield code="c">LBS1</subfield>
  </datafield>
  <datafield tag="952" ind1=" " ind2=" ">
    <subfield code="0">0</subfield>
    <subfield code="1">0</subfield>
    <subfield code="2">ddc</subfield>
    <subfield code="5">1</subfield>
    <subfield code="7">0</subfield>
    <subfield code="8">PD</subfield>
    <subfield code="a">BNPHU</subfield>
    <subfield code="b">BNPHU</subfield>
    <subfield code="c">CT</subfield>
    <subfield code="d">2014-03-11</subfield>
    <subfield code="e">Donado por Mario Ort&#xED;z</subfield>
    <subfield code="l">0</subfield>
    <subfield code="o">F385g</subfield>
    <subfield code="p">2023-5066</subfield>
    <subfield code="r">2023-07-31</subfield>
    <subfield code="w">2023-07-31</subfield>
    <subfield code="y">LBS1</subfield>
  </datafield>
  <datafield tag="999" ind1=" " ind2=" ">
    <subfield code="c">54263</subfield>
    <subfield code="d">54263</subfield>
  </datafield>
</record>
